000 01071nam a2200241 a 4500
001 000030263
003 DO-SdBNP
005 20220628101114.0
008 110505s2010 dr abc r 000 0 spa d
040 _aDO-SdBNP
_bspa
_cBNPHU
082 4 _a22
_bP438so
245 1 0 _aPerfiles sociodemográficos provinciales, Región Norte. /
_cPresentación, Pablo Tactuk.
260 _aSanto Domingo :
_bOficina Nacional de Estadística (ONE),
_c2010
300 _a236 p. :
_bil., map., retrs. ;
_c28 cm.
500 _aIncluye bibliografía y notas al pié de páginas.
505 0 _aPresntación.
_tDajabón.--
_tDuarte.--
_tEspailltat.--
_tHermanas Mirabal.--
_tLa Vega.--
_tMaría Trinidad Sánchez.--
_tMonseñor Nouel.--
_tMonte Cristi.--
_tPuerto Plata.--
_tSamaná.--
_tSánchez Ramírez.--
_tSantiago.--
_tSantiago Rodríguez.--
_tValverde.
590 _aInventariado 2022 / MF
651 _2República Dominicana
_vEstadísticas
_981924
651 _aRepública Dominicana
_vDesarrollo Social
_981922
700 1 _aTactuk, Pablo
_epres.
_95774
910 _aMFeliz
942 _2ddc
_cLBS1
999 _c29755
_d29755